00397nam a2200157Ia 4500008004100000100001900041245003100060260001200091260001100103260000900114300000700123650001700130942000900147999001500156952006800171160221s9999 xx 000 0 und d10aWithana,W.V.E. aBio Assays for Antioxidant aColombo bIchemc c2015 a27 aAntioxidants cbook c3198d3198 001070aICbICd2016-02-21l0pS0053r2016-02-21 00:00:00yDIS